LEADER 00848nam0-22002771i-450- 001 990001321280403321 035 $a000132128 035 $aFED01000132128 035 $a(Aleph)000132128FED01 035 $a000132128 100 $a20000920d1990----km-y0itay50------ba 101 0 $aeng 200 1 $aAugusts de Morgan and the logic of relations$fDaniel D. Merril. 210 $aDordrecht (NL)$cKluwer$d1990. 215 $aXI, 259 p.$d24 cm 225 1 $a<>New Synthese Historical Library$eTexts and Studies in the History of Philosophy$v38 676 $a160.92 700 1$aMeril,$bDaniel D.$0350521 801 0$aIT$bUNINA$gRICA$2UNIMARC 901 $aBK 912 $a990001321280403321 952 $a121-N-30$b9025$fMA1 959 $aMA1 996 $aAugusts de Morgan and the logic of relations$9383018 997 $aUNINA DB $aING01 LEADER 01613nas 2200493-a 450 001 996398446803316 005 20230316213029.0 011 $a1758-4116 035 $a(OCoLC)37424970 035 $a(CKB)965228505005 035 $a(CONSER)---00253672- 035 $a(DE-599)ZDB2014421-0 035 $a(MiAaPQ)25915 035 $a(EXLCZ)99965228505005 100 $a19970806a19979999 s-- a 101 0 $aeng 135 $aurcnu|||||||| 181 $ctxt$2rdacontent 182 $cc$2rdamedia 183 $acr$2rdacarrier 200 10$aBusiness process management journal 210 $aBradford, England $cEmerald Group Pub.$d[1997]- 300 $aRefereed/Peer-reviewed 300 $aTitle from issue table of contents (Emerald, viewed Aug. 26, 2004). 311 $a1463-7154 606 $aIndustrial management$vPeriodicals 606 $aReengineering (Management)$vPeriodicals 606 $aTotal quality management$vPeriodicals 606 $aIndustrial management$2fast$3(OCoLC)fst00971246 606 $aReengineering (Management)$2fast$3(OCoLC)fst01092359 606 $aTotal quality management$2fast$3(OCoLC)fst01153015 608 $aPeriodicals.$2fast 610 $aManagement Theory 615 0$aIndustrial management 615 0$aReengineering (Management) 615 0$aTotal quality management 615 7$aIndustrial management. 615 7$aReengineering (Management) 615 7$aTotal quality management. 676 $a658.4063 906 $aJOURNAL 912 $a996398446803316 996 $aBusiness process management journal$91759205 997 $aUNISA